Local Names of Countries that Start with F - Statistics

General Stats
  • This quiz has been taken 15 times
  • The average score is 2 of 8
Answer Stats
Picture Answer % Correct
France
100%
Suomi
54%
Falkland Islands/Islas Malvinas
31%
Guyane
23%
Føroyar
8%
Polynésie Française
8%
Matanitu ko Viti
0%
Terres Australes et Antarctiques Françaises
0%
No matching quizzes found
Score Distribution
Percent of People with Each Score
Percentile by Number Answered
Your Score History
You have not taken this quiz